000 00644nam a2200253Ia 4500
003 OSt
005 20220912151119.0
006 a|||||r|||| 00| 0
007 ta
008 220909b |||||||| |||| 00| 0 eng d
024 _a62175
037 _cTextual
040 _aCSL
_beng
_cCSL
041 _aeng
082 _aI.715:J1, K2;L0
100 _aNorthern Rbecca Tyson
245 0 _aHome orchid growing
250 _a3
260 _aNew York
_b Van Nostrand
_c1962
300 _aviii,374p.
_ccm.
650 _aBotany
942 _hI.715:J1, K2;L0
_cTEXL
_2CC
999 _c61560
_d61560